Foods That Start With C - Statistics

General Stats
  • This quiz has been taken 466 times
    453 since last reset
  • The average score is 8 of 15
Answer Stats
Hint Food % Correct
Eaten On Special Occasions Like Birthdays Cake
92%
An Orange Vegetable That Rabbits Like To Eat Carrot
92%
Made From Milk Cheese
72%
A Brown Food Made From Cocoa And Can Be Used To Eat Plain Or Made Into A Sauce etc Chocolate
72%
This Is A Famous Soft Drink Coke
71%
What Are Lollies Candy
62%
This Food Comes From A Bird That Lays Eggs Chicken
62%
A Green Vegetable That Comes In A Bunch And Is Similar To Lettus Cabbage
57%
A Creamy Desert Sometimes Poured Over Cakes And Puddings Custard
46%
A Green Vegetable That Is A Stem Celery
45%
White Vegetable, Doctors Say It Grows In Your Ear As A Joke Cauliflower
44%
A Topping For Ice Cream A Bit Like Chocolate Caramel
42%
A Vegetable Thats Yellow And People Usually Have It With Baked Dinners Corn
35%
A Red Juicy Vegetable Capsicum
8%
Like A Biscuit Crackers
6%
No matching quizzes found
Score Distribution
Percent of People with Each Score
Percentile by Number Answered
Your Score History
You have not taken this quiz since the last reset